1598 1165 1062 1981 1270 1008 1527 1378 1376 1209 1697 1381 1165 1253 1705 1247 1322 1030 1316 1136 1907 1479 1427 1018 1737 1478 1820 1680 1442 1560 1597 1449 1220 1302 1491 1122 1584 1833 1459 1814 1077 1629 1149 1884 1241 1738 1250 1757 1667 1006 1498 1557 1732 1092 1239 1386 1197 1214 1323 1939 1540 1402 1864 1260 1218 1689 1396 1799 1635 1319 1797 1190 1720 1341 1502 1607 1958 1833 1167 1352 1359 1101 1287 1884 1792 1796 1908 1583 1391 1670 1204 1937 1285 1983 1861 1838 1376 1976 1840 BCNSPRNW ULIB Ver.6.0+V

เปลี่ยนเป็นภาษาไทย

Change to English
 แสดงรายละเอียดบรรณานุกรม
  กลับหน้าหลัก

Brief Record : Get Marc (ISO 2709) : E-mail record : QR code < ปิดหน้าต่าง
LEADER : 00000nam 2200000uu 4500
001    13399125860
003     ULIB
008    020711s2016 th a 000 0 eng d
020    ^a9780826123251
060    ^aWY20.5^bB-D
100    ^aBack, Chery Tatano.
245    ^aDeveloping a program of research in nursing/^bBack, Chery Tatano.
260    ^aNew York :^bSpringer Publishing Company,^c2016
300    ^a166 pages;^c22 cm
650    ^aNursing Research
650  0 ^aProgram Development-methods
650  0 ^aResearch Design
945    ^p1598^l0^i003242
999    ^aประนอม เกษจรัล
รายการนี้ยังไม่มีแท็ก
คุณยังไม่ได้ล็อกอิน คุณสามารถมีกิจกรรมร่วมกับเว็บไซต์ได้ แต่ต้องล็อกอินก่อน ::
  ล็อกอิน

รายการสื่อสารสนเทศ

ลำดับที่ ประเภท เลขเรียก/บาร์โค้ด สถานที่ สถานะ
1. วิทยาศาสตร์การแพทย์ และสุขภาพ
หนังสือสำรอง
สถานะ=หนังสือสำรอง
WY20.5 B-D ฉ.1 
  Barcode: 003242
ห้องสมุดวิทยาเขตสวรรค์ประชารักษ์
►หนังสือทั่วไป
บนชั้น

รายการใกล้เคียง
    หัวเรื่อง [Nursing Research]
    หัวเรื่อง [Research Design]

BibComment


ยังไม่เคยถูกคอมเมนท์

คอมเมนท์ทรัพยากรรายการนี้
  คอมเมนท์: Developing a pro..


 Copyright 2026. Bcnsprnw @Library